000 00590nam a2200229Ia 4500
003 OSt
005 20221005124718.0
006 a|||||r|||| 00| 0
007 ta
008 221004b |||||||| |||| 00| 0 san d
024 _a113822
037 _cTextual
040 _aCRL
_cCRL
_bsan
041 _2san
_asan
082 _aR625x, 15N7
100 _aVishwanath Shastri Ed.
_9635688
245 0 _aNayaye siddhant muktawali prashnotari
260 _c1997
300 _a70p.
_ccm.
942 _hR625x, 15N7
_cTEXL
_2cc
999 _c1051397
_d1051397